00920nam a2200241Ia 4500003000400000005001700004008004100021020001800062040001800080041000800098082002100106100002700127245007300154250001200227260004000239300002600279650004700305650005900352650005400411942003000465999001900495952016400514OSt20240726135612.0210716s2013 xx 000 0 und d a9781250025685 cAIMIT LIBRARY aeng a374.22 21bSCHD aSchawbel, Dan.9174166 aPromote yourself: bnew rules for career success /cBy Dan Schawbel. a1st ed. aNew York ;bMartin's press ,c2013. axix,280p.;bPBc22 cm aDiscover what you were meant to do9174167 aHard skills: be more than your job description9174168 aDevelop cross- generational relationships9174169 2ddccBKe1stk374.22 SCHD c209144d209144 00102ddc40708MBAaAIMITbAIMITd2015-03-18g399.00iBill no:1413; Bill dt:2015-03-13l0o374.22 SCHDpMBA11710r2026-05-23 00:00:00v299.25w2021-07-16yBK